Constitutional remedies for minority people in India / (Record no. 25383)

MARC details
000 -LEADER
fixed length control field 00855nam a2200229 a 4500
005 - DATE AND TIME OF LATEST TRANSACTION
control field 20060818091510.0
008 - FIXED-LENGTH DATA ELEMENTS--GENERAL INFORMATION
fixed length control field 050907s2005 ii av 000 0 eng
010 ## - LCCN (DPL NO)
LC control number ENG-93243
020 ## - INTERNATIONAL STANDARD BOOK NUMBER
Terms of availability 55.00
International Standard Book Number 8177355597
020 ## - INTERNATIONAL STANDARD BOOK NUMBER
Terms of availability 55.00
International Standard Book Number 9788177355598
035 ## - SYSTEM CONTROL NUMBER
System control number EN-76776
037 ## - SOURCE OF ACQUISITION
Source of stock number/acquisition DBAD / PUB
040 ## - CATALOGING SOURCE
Original cataloging agency dpl
Language of cataloging English
082 ## - DEWEY DECIMAL CLASSIFICATION NUMBER
Classification number 342.54085
100 ## - MAIN ENTRY--PERSONAL NAME
Personal name Gomathi, G.
245 ## - TITLE STATEMENT
Title Constitutional remedies for minority people in India /
Statement of responsibility, etc by G. Gomathi
260 ## - PUBLICATION, DISTRIBUTION, ETC. (IMPRINT)
Place of publication, distribution, etc Chennai
Name of publisher, distributor, etc Pavai Publications
Date of publication, distribution, etc 2008
270 ## - ADDRESS
Address 142, Jani Jan Khan Road, Royapettah,
City Chennai
Postal code 600014
300 ## - PHYSICAL DESCRIPTION
Extent 106p.
Dimensions 20 cm (pbk)
942 ## - ADDED ENTRY ELEMENTS (KOHA)
Source of classification or shelving scheme Dewey Decimal Classification
Item type English Books
Call number suffix GOM
Classification part 342.54085
Holdings
Withdrawn status Lost status Source of classification or shelving scheme Damaged status Not for loan Collection code Home library Current library Date acquired Source of acquisition Cost, normal purchase price Total Checkouts Full call number Barcode Date last seen Copy number Cost, replacement price Koha item type
    Dewey Decimal Classification   Not For Loan Non-fiction D.B.Act.Division D.B.Act.Division 18/03/2009 DBAD / PUB 55.00   342.54085 GOM EN-76776 18/03/2009 1 55.00 English Books

© Delhi Public Library
Hit Counter
free hit counter